MARC

Tag First Indicator Second Indicator Subfields
LEADER 00000cas a2200000Ia 4500
001 in00004425913
005 20210629110451.0
006 m o d
007 cr |n|||||||||
008 851213d19862003mduqr p o 0 0eng d
010 |z sn 86001633  
016 7 |a 2211161-X  |2 DE-600 
016 7 |a 010191577  |2 Uk 
019 |a 51297891  |a 741493357  |a 980083913  |a 990485279  |a 993903514  |a 1006301684  |a 1011546760  |a 1013902842  |a 1019914478  |a 1029773284  |a 1084424894  |a 1113310714  |a 1120882887  |a 1147290736 
022 |a 1478-5498  |l 0889-1893  |y 0889-1893 
029 1 |a NZ1  |b 14704588 
029 1 |a OCLCS  |b 12678 
029 1 |a OCLCS  |b OP-20150 
030 |a AJAAEZ 
032 |a 000524  |b USPS 
035 |a (OCoLC)ocn555846664 
035 |a (OCoLC)555846664  |z (OCoLC)51297891  |z (OCoLC)741493357  |z (OCoLC)980083913  |z (OCoLC)990485279  |z (OCoLC)993903514  |z (OCoLC)1006301684  |z (OCoLC)1011546760  |z (OCoLC)1013902842  |z (OCoLC)1019914478  |z (OCoLC)1029773284  |z (OCoLC)1084424894  |z (OCoLC)1113310714  |z (OCoLC)1120882887  |z (OCoLC)1147290736 
037 |a 22573/ctt1t3j7rj  |b JSTOR 
040 |a DeU  |b eng  |c CUD  |d OCLCE  |d OCLCQ  |d OCLCO  |d OCLCF  |d OCLCQ  |d UAB  |d VT2  |d LND  |d Z5A  |d U3W  |d TEF  |d UX1  |d OCLCQ  |d WYU  |d LVT  |d OUN  |d UHL  |d OCLCQ  |d LIP  |d SFB  |d OCLCQ  |d UtOrBLW 
043 |a n-us--- 
049 |a TXAM 
050 1 4 |a S605.5  |b .A48 Electronic 
070 0 |a S605.5.A43 
072 0 |a F100 
072 0 |a P000 
072 0 |a J600 
072 0 |a E130 
082 1 4 |a 630  |2 11 
210 1 0 |a Am. j. altern. agric.  |b (Online) 
222 0 |a American journal of alternative agriculture  |b (Online) 
245 0 0 |a American journal of alternative agriculture. 
246 3 0 |a Alternative agriculture 
264 1 |a Greenbelt, MD :  |b Institute for Alternative Agriculture,  |c [1986]- 
264 4 |c ©2003 
300 |a 1 online resource (18 volumes) :  |b illustrations 
310 |a Quarterly 
336 |a text  |b txt  |2 rdacontent 
337 |a computer  |b c  |2 rdamedia 
338 |a online resource  |b cr  |2 rdacarrier 
362 0 |a Vol. 1, no. 1 (winter 1986)-v. 18, no. 4 (2003). 
500 |a Title from cover. 
506 |a Access restricted to authorised University of Cambridge users. 
516 |a Text (electronic journal). 
538 |a Mode of access: World Wide Web. 
550 |a Issued by: Institute for Alternative Agriculture, 1986- ; Henry A. Wallace Institute for Alternative Agriculture, 1993-2003. 
500 |a Electronic resource. 
650 0 |a Organic farming  |z United States  |v Periodicals. 
650 0 |a Agricultural conservation  |z United States  |v Periodicals. 
650 3 |a Organic farming  |z United States  |v Periodicals. 
650 3 |a Agricultural conservation  |z United States  |v Periodicals. 
650 3 |a Agricultural systems  |z United States  |v Periodicals. 
650 6 |a Agriculture biologique  |z États-Unis  |v Périodiques. 
650 6 |a Conservation des ressources agricoles  |z États-Unis  |v Périodiques. 
650 6 |a Systèmes agricoles  |z États-Unis  |v Périodiques. 
650 7 |a Agricultural conservation.  |2 fast  |0 (OCoLC)fst00800596 
650 7 |a Organic farming.  |2 fast  |0 (OCoLC)fst01047688 
651 7 |a United States.  |2 fast  |0 (OCoLC)fst01204155 
655 0 |a Electronic journals. 
655 7 |a Periodicals.  |2 fast  |0 (OCoLC)fst01411641 
655 7 |a Electronic journals.  |2 lcgft 
710 2 |a Institute for Alternative Agriculture (U.S.)  |0 http://id.loc.gov/authorities/names/n84082663 
710 2 |a Henry A. Wallace Institute for Alternative Agriculture.  |0 http://id.loc.gov/authorities/names/no94011543 
710 2 |a Cambridge University Press.  |0 http://id.loc.gov/authorities/names/n50059133 
776 0 8 |i Print version:  |t American journal of alternative agriculture  |x 0889-1893  |w (DLC)sn 86001633  |w (OCoLC)12903367 
785 0 0 |t Renewable agriculture and food systems  |x 1742-1713  |w (DLC) 2005233033  |w (OCoLC)54697765 
994 |a C0  |b TXA 
999 f f |s 7c619477-e47c-3b36-8016-28e6db895f6f  |i 96fbefa7-929a-32b5-92f2-1586bd6a7067  |t 0 
952 f f |a Texas A&M University  |b College Station  |c Electronic Resources  |d Available Online  |t 0  |e S605.5 .A48  |g Electronic  |h Library of Congress classification 
998 f f |a S605.5 .A48  |t 0  |l Available Online